Statistics for Countries containing an F or P in their name

Click here to take the quiz!

General Stats

  • This quiz has been taken 914 times
    (890 since last reset)
  • The average score is 20 of 30

Answer Stats

Country% Correct
France
91%
Finland
89%
Fiji
86%
Peru
86%
Portugal
86%
Poland
85%
Panama
84%
Pakistan
83%
Paraguay
81%
Philippines
81%
Palau
75%
Afghanistan
73%
Papua New Guinea
73%
Democratic Republic of the Congo
70%
Republic of the Congo
66%
Central African Republic
64%
Dominican Republic
64%
Spain
64%
Japan
58%
Egypt
57%
Federated States of Micronesia
57%
Nepal
57%
Czech Republic
56%
South Africa
55%
Cape Verde
51%
Ethiopia
51%
Burkina Faso
50%
São Tomé and Príncipe
49%
Cyprus
48%
Singapore
45%

Score Distribution

Percentile by Number Answered

Percent of People with Each Score

Your Score History

You have not taken this quiz since the last reset